• 首页
  • 本馆介绍
  • 公告通知
  • 最新文献
  • 馆藏检索
  • 电子资源
  • 读者导购
  • 参考咨询
  • 我的图书馆
  • 登录
  • 详细信息显示
  • 放入我的书架
  • 预约/预借图书
  • 作者相关作品
  • 分类相关作品
  • 丛书相关作品
  • 出版社相关作品

书目信息

  • 表格格式
  • 工作单格式
  • 卡片格式
题名:
集成光学
    
 
作者: ;金锋 , 范俊清 编著 ;光学技术编辑部 主编
分册: 下册  
出版信息: 北京   国防工业出版社  1981-1983
页数: 163页
开本: 19cm
丛书名:
单 册:
中图分类: TN25
科图分类:
主题词: 集成光学
电子资源:
ISBN:
000 00727nam0 2200253 45
001 0181004355
005 20070930110537.71
010    @dCNY0.57
091    @a15034.2386
100    @a19950428f19811983emky0chiy0121 ea
101 0  @achi
102    @aCN@b110000
105    @ay z 000yy
200 10 @a集成光学@h下册@Aji cheng guang xue@f《光学技术》编辑部主编@g金锋,范俊清编著
210    @a北京@c国防工业出版社@d1981-1983
215    @a163页@d19cm
606    @a集成光学
690    @aTN25@v3 
702  0 @a金锋@Ajin feng@4编著
702  0 @a范俊清@Afan jun qing@4编著
711 02 @a光学技术编辑部@Aguang xue ji shu bian ji bu@4主编
801  2 @aCN@bNLC@c20070930
801  0 @aCN@b上海图书馆@c20040519
905    @dTN25@e22:3
    
    集成光学.下册/《光学技术》编辑部主编/金锋,范俊清编著.-北京:国防工业出版社,1981-1983
    163页;19cm
    
    
    ISBN :CNY0.57
    
●
相关链接 在E读中查询图书 在五车中查询图书 在当当中查询图书 在豆瓣中查询图书


正题名:集成光学     索取号:TN25/22:3         预约/预借

序号 登录号 条形码 馆藏地/架位号 状态 备注
1 0093560   001350610   密集书库/ [索取号:TN25/22:3] 在馆    
2 0093561   001350576   密集书库/ [索取号:TN25/22:3] 在馆    
3 0093562   001350530   第三借阅区/ [索取号:TN25/22:3] 在馆    
4 0093563   001350497   第三借阅区/ [索取号:TN25/22:3] 在馆    
5 0093564   001350451   第二样本阅览室/ [索取号:TN25/22:3] 在馆    
6 0099830   001350460   第二样本阅览室/ [索取号:TN25/22:3] 在馆    
7 626292   206262925   密集书库/ [索取号:TN25/22:3] 在馆    
唐山师范学院图书馆 欢迎您!
大连网信软件有限公司© 版权所有